BIBLIOTECA PODER JUDICIAL
Portal Judicial TDF

Notas sobre la responsabilidad patrimonial de la administración : (Registro nro. 6103)

000 -LEADER
fixed length control field 01111nabaa22001937a 4500
003 - CONTROL NUMBER IDENTIFIER
control field OSt
005 - DATE AND TIME OF LATEST TRANSACTION
control field 20260122083623.0
008 - FIXED-LENGTH DATA ELEMENTS--GENERAL INFORMATION
fixed length control field 190701b xxu||||| |||| 00| 0 spa d
040 ## - CATALOGING SOURCE
Transcribing agency PJ
100 ## - MAIN ENTRY--PERSONAL NAME
9 (RLIN) 6871
Personal name Meneses, Erick Cuba
245 10 - TITLE STATEMENT
Title Notas sobre la responsabilidad patrimonial de la administración :
Remainder of title la falta de servicio como factor de atribución objetivo /
Statement of responsibility, etc Erick Cuba Meneses.
300 ## - PHYSICAL DESCRIPTION
Extent p. 28-41
505 ## - FORMATTED CONTENTS NOTE
Formatted contents note Sumario: I. Introducción.— II. Los primeros caminos de la responsabilidad de la Administración: la derrota del Estado irresponsable.—III. La falta de servicio es un factor de atribución objetivo.— IV. La responsabilidad patrimonial de la Administración y la responsabilidad civil.— V. Conclusiones.— VI. Bibliografía.<br/><br/>
505 ## - FORMATTED CONTENTS NOTE
Title ¿Te interesa el texto completo? Comunicate al correo: koha@justierradelfuego.gov.ar<br/>
650 #0 - SUBJECT ADDED ENTRY--TOPICAL TERM
9 (RLIN) 211
Topical term or geographic name as entry element DERECHO ADMINISTRATIVO
650 #0 - SUBJECT ADDED ENTRY--TOPICAL TERM
9 (RLIN) 1215
Topical term or geographic name as entry element RESPONSABILIDAD DEL ESTADO
773 0# - HOST ITEM ENTRY
Host Biblionumber 2842
Host Itemnumber 3251
Place, publisher, and date of publication Buenos Aires : AbeledoPerrot, 2012-
Other item identifier DA121
Title Derecho administrativo. Nº 145 enero/febrero 2023
International Standard Book Number 18510590
942 ## - ADDED ENTRY ELEMENTS (KOHA)
Source of classification or shelving scheme
Koha item type Analítica Artículo de Revista

No hay ítems disponibles.

12 de Octubre 789 Ushuaia - Tel:  54(02901)441571
Horario de Atención: 8.00 a 17.00 hs. 
bibliotecaush@justierradelfuego.gov.ar
koha@justierradelfuego.gov.ar
Seguinos en nuestras redes @bibliojustdf 

Con tecnología Koha